书目信息 |
| 题名: |
隐匿中的奇才:路德维希.冯.贝塔朗菲传
|
|
| 作者: | 戴维森 著 | |
| 分册: | ||
| 出版信息: | 上海 1999.08 |
|
| 页数: | 224页 | |
| 开本: | 32开 | |
| 丛书名: | ||
| 单 册: | ||
| 中图分类: | K837.126.15 | |
| 科图分类: | ||
| 主题词: | 历史 , 地理 | |
| 电子资源: | ||
| ISBN: | 7-80627-429-4 | |
| 000 | 00616nam0 2200205 45 | |
| 001 | 0011202074 | |
| 005 | 20001120201629.5 | |
| 010 | @a7-80627-429-4@d14.00元 | |
| 100 | @a20001120d1999 km y0chiy0120 ea | |
| 101 | 0 | @achi |
| 105 | @a z 000yy | |
| 200 | 1 | @a隐匿中的奇才:路德维希.冯.贝塔朗菲传@AYin Ni Zhong De Qi Cai:Lu De Wei Xi.Feng.Bei Ta LangFei Chuan@f(美)戴维森著@F(Mei)Dai Wei Sen Zhu |
| 210 | @a上海@d1999.08 | |
| 215 | @a224页@d32开 | |
| 606 | 0 | @a历史 |
| 606 | 0 | @a地理 |
| 690 | @aK837.126.15@v3 | |
| 701 | 0 | @a戴维森@4著 |
| 801 | @aCN@bPftUser@c20001120 | |
| 905 | @b418043-047@dK837.126.15@eD787@f5 | |
| 隐匿中的奇才:路德维希.冯.贝塔朗菲传/(美)戴维森著.-上海,1999.08 |
| 224页;32开 |
| ISBN 7-80627-429-4:14.00元 |
| ● |
| 相关链接 |
|
|
|
正题名:隐匿中的奇才:路德维希·冯·贝塔朗菲传
索取号:K837.126.15/D787
 
预约/预借
| 序号 | 登录号 | 条形码 | 馆藏地/架位号 | 状态 | 备注 |
| 1 | 418043 | 204180439 | 社科库309/309社科库 5排2列5层/ [索取号:K837.126.15/D787] | 在馆 | |
| 2 | 418044 | 204180448 | 社科库309/309社科库 5排2列5层/ [索取号:K837.126.15/D787] | 在馆 | |
| 3 | 418045 | 204180457 | 社科库309/309社科库 5排2列5层/ [索取号:K837.126.15/D787] | 在馆 | |
| 4 | 418046 | 204180466 | 社科库309/309社科库 5排2列5层/ [索取号:K837.126.15/D787] | 在馆 | |
| 5 | 418047 | 204180475 | 社科库309/309社科库 5排2列5层/ [索取号:K837.126.15/D787] | 在馆 |